000 00409nam a22001577a 4500
005 20260226162522.0
008 260226b |||||||| |||| 00| 0 eng d
041 _aeng
082 _a609.54 - MUK-H
100 _aMUKHIA ,HARBANS
_98866
245 _aHISTORY OF TECHNOLOGY IN INDIA -VOL - II
260 _aNEW
_bINDIAN NATIONAL SCIENCE ACADEMY
_c2012
300 _a932;p
650 _aBGP
_98859
942 _cBK
999 _c9041
_d9039